000 00592nam a2200241 a 4500
001 nice12345678
003 IN_TiNIC
005 20260116011330.0
008 050524s1966 leia grp 000 0 eng
020 _a
_c7.12
082 0 0 _a297.09
_bGOI
100 _aGoitein, S D
245 _aStudies in Islamic History and Institutions.
260 _aLeiden
_bE.J. Brill
_c1966
300 _a391p.
500 _aincludes index and biblioraphy
505 2 _aAppendix, Bibliography
650 _aIslam-History
700 1 _aGoitein, S D
902 _bSRS
942 _cBK
999 _c578
_d578